000
00297nam a2200109Ia 4500
008
230907s9999||||xx |||||||||||||| ||und||
082
_a
338.927
_b
ROO
100
_a
Roosa, Stephen
_9
118019
245
_a
Sustainable development handbook /
_c
Stephen Roosa.
260
_c
2019-09-27
942
_2
ddc
_c
EB
999
_c
599672
_d
599672